COMPLETE GUIDE TO EXECUTIVE MANNERS (Record no. 228248)

MARC details
000 -LEADER
fixed length control field 00361pam a2200145 a 4500
020 ## - INTERNATIONAL STANDARD BOOK NUMBER
Terms of availability
041 ## - LANGUAGE CODE
Language code of original
100 ## - MAIN ENTRY--PERSONAL NAME
Personal name LETITIH BALDRIGES
Relator term Author
245 ## - TITLE STATEMENT
Title COMPLETE GUIDE TO EXECUTIVE MANNERS
Statement of responsibility, etc. LETITIH BALDRIGES
Medium Textual Documents
260 ## - PUBLICATION, DISTRIBUTION, ETC.
Place of publication, distribution, etc. new york
Name of publisher, distributor, etc. Rawson Asso
300 ## - PHYSICAL DESCRIPTION
Extent 389
653 ## - INDEX TERM--UNCONTROLLED
Uncontrolled term food Producation
700 ## - ADDED ENTRY--PERSONAL NAME
Relator term Co-Author
930 ## - EQUIVALENCE OR CROSS-REFERENCE-UNIFORM TITLE HEADING [LOCAL, CANADA]
Uniform title 847
Holdings
Withdrawn status Lost status Damaged status Not for loan Collection Home library Current library Date acquired Source of acquisition Cost, normal purchase price Total Checkouts Full call number Barcode Date last seen Copy number Price effective from Koha item type
          Institute of Hotel Management & Catering Technology, Pune Institute of Hotel Management & Catering Technology, Pune 12/03/2007 Bharati Madhyavarti Grahak Bhandar Ltd,Pune 995.00   HMP-D-1667 07/03/2023 1 07/03/2023 Book